Statistics for Speed Capital to Country #1

Click here to take the quiz!

General Stats

  • This quiz has been taken 35 times
  • The average score is 26 of 30

Answer Stats

Capital CityCountry% Correct
OttawaCanada
100%
BeijingChina
100%
CairoEgypt
100%
New DelhiIndia
100%
RomeItaly
100%
Mexico CityMexico
100%
LondonUnited Kingdom
100%
CanberraAustralia
97%
BrasiliaBrazil
97%
SeoulSouth Korea
97%
MadridSpain
97%
HavanaCuba
94%
MoscowRussia
94%
TokyoJapan
91%
AlgiersAlgeria
89%
Panama CityPanama
89%
AnkaraTurkey
89%
TaipeiTaiwan
86%
Abu DhabiUnited Arab Emirates
86%
HanoiVietnam
86%
NairobiKenya
83%
TehranIran
80%
OsloNorway
80%
Cape Town/Pretoria/BloemfonteinSouth Africa
80%
ManillaPhilippines
77%
WellingtonNew Zealand
74%
DohaQatar
74%
Port-Au-PrinceHaiti
71%
Nur-SultanKazakhstan
69%
KhartoumSudan
66%

Score Distribution

Percentile by Number Answered

Percent of People with Each Score

Your Score History

You have not taken this quiz